00334nam a2200121Ia 4500008004100000041000800041082001600049100002000065245004500085260004500130300003200175365000500207240624s9999 xx 000 0 und d aeng a658.409 COL aCOLLINS JAMES C aBUILT TO LAST SUCCESSFUL HABITS OF VISIO c2002aNew YorkbHarperCollins Publishers axxiv, : 342 : p. : cm. ; 20 c